มุมมองปกติ
มุมมองแบบ MARC
- โครงการเสริมสร้างความเข้มแข็งให้กับองค์กรปกครองส่วนท้องถิ่นในภาคใต้ของประเทศไทย
รายการ Corporate Name
001 - CONTROL NUMBER
- control field: 22102
003 - CONTROL NUMBER IDENTIFIER
- control field: NALT
005 - DATE AND TIME OF LATEST TRANSACTION
- control field: 20171206150713.0
008 - FIXED-LENGTH DATA ELEMENTS
- fixed length control field: 171206|| aca||aabn | a|a d
040 ## - CATALOGING SOURCE
- Original cataloging agency: NALT
110 ## - HEADING--CORPORATE NAME
- Corporate name or jurisdiction name as entry element: โครงการเสริมสร้างความเข้มแข็งให้กับองค์กรปกครองส่วนท้องถิ่นในภาคใต้ของประเทศไทย
